000 00257nam a22001097a 4500
082 _a001
_bSIE/G
100 _aGOVT. OF INDIA
245 _aSIET KEALA, GENERAL SUBJECTS
_bSSLC GRADING
260 _aNEW DELHI
_bGOVT. OF INDIA
520 _aREFERENCE
942 _cBK
999 _c7956
_d7956